[Event "Let's Play Chess!"]
[Site "http://www.queenalice.com/game.php?id=1852423"]
[Date "2025.2.21"]
[Round "-"]
[White "igor12345"]
[Black "Winslow"]
[Result "1-0"]
[WhiteElo "1984"]
[BlackElo "1723"]

1. e4 d6 2. d4 Nf6 3. Nc3 g6 4. h3 Bg7 5. Nf3 O-O 6. Bc4 Be6 7. d5 Bd7 8. O-O a6
9. a3 b6 10. Bg5 h6 11. Be3 b5 12. Bd3 c6 13. Qd2 Kh7 14. Bd4 c5 15. Be3 Rh8 16.
Rab1 c4 17. Be2 Kg8 18. b3 Qa5 19. Ra1 Qc7 20. Bd4 e6 21. bxc4 e5 22. Be3 bxc4
23. a4 a5 24. Rfb1 Na6 25. Qc1 Kh7 26. Bb6 Qc8 27. Bxa5 Qc5 28. Bb6 Qc8 29. Nd2
Rb8 30. Be3 Rxb1 31. Rxb1 Qc7 32. Bxc4 Nc5 33. Nb5 Bxb5 34. axb5 Nfd7 35. Be2
Rb8 36. c4 Qd8 37. Ra1 Nb6 38. Bxc5 dxc5 39. Nb3 Ra8 40. Nxc5 Rxa1 41. Qxa1 h5
42. Qa5 Bf6 43. Qa7 Be7 44. Na6 Kh6 45. Qc7 Qxc7 46. Nxc7 Bd6 47. Na6 f6 48. c5
Bxc5 49. Nxc5 1-0

[Event "Let's Play Chess!"]
[Site "http://www.queenalice.com/game.php?id=1852424"]
[Date "2025.2.21"]
[Round "-"]
[White "Winslow"]
[Black "igor12345"]
[Result "0-1"]
[WhiteElo "1728"]
[BlackElo "2002"]

1. d4 d5 2. e3 Nf6 3. Bd3 Bg4 4. f3 Bc8 5. c3 e6 6. Ne2 Be7 7. Nf4 O-O 8. O-O c5
9. Nd2 c4 10. Bc2 Nc6 11. e4 b5 12. e5 Ne8 13. g3 Bg5 14. Re1 Bxf4 15. gxf4 f5
16. exf6 Qxf6 17. Nf1 Nd6 18. Kf2 b4 19. Ng3 a5 20. Nh5 Qh4+ 21. Ng3 Qxh2+ 22.
Ke3 Qxg3 23. Ke2 Qg2+ 24. Ke3 Nf5+ 25. Bxf5 exf5 26. Re2 Qg3 27. Qh1 Bd7 28. Rg2
Rae8+ 29. Kd2 Qxf4+ 30. Kc2 Qd6 31. Bh6 Rf7 32. Rag1 g6 33. Rf2 f4 34. Qg2 Bf5+
35. Kd2 Bd3 36. Re1 Rxe1 37. Kxe1 Qe6+ 38. Kd1 Re7 39. Bxf4 Qe1# 0-1

[Event "Let's Play Chess!"]
[Site "http://www.queenalice.com/game.php?id=1852426"]
[Date "2025.2.19"]
[Round "-"]
[White "Winslow"]
[Black "Charles56"]
[Result "0-1"]
[WhiteElo "1673"]
[BlackElo "1828"]

1. d4 d5 2. c3 h6 3. Bf4 Nc6 4. Nf3 Nf6 5. e3 Bg4 6. Nbd2 Ne4 7. Nxe4 dxe4 8. h3
Bxf3 9. gxf3 exf3 10. Qxf3 a6 11. a3 e6 12. h4 Bd6 13. Bxd6 Qxd6 14. O-O-O O-O-O
15. Bg2 f5 16. c4 e5 17. c5 Qe7 18. d5 Qxc5+ 19. Kb1 e4 20. Qxf5+ Kb8 21. Bxe4
Ne7 22. Qe5 Ka8 23. b4 Qc4 24. Qb2 Qxe4+ 25. Ka1 Rxd5 26. Qxg7 Rxd1+ 27. Rxd1
Rh7 28. Qd4 Qxd4+ 29. Rxd4 Nf5 30. Rd8+ Ka7 31. Rd1 Nxh4 32. f4 Nf5 33. e4 Ne3
34. Rd3 Nc4 35. e5 Re7 36. Rf3 Rf7 37. e6 Rf6 38. f5 Nd6 39. e7 h5 40. Re3 Ne8
41. Rf3 Rf7 42. f6 h4 0-1

[Event "Let's Play Chess!"]
[Site "http://www.queenalice.com/game.php?id=1852451"]
[Date "2025.2.20"]
[Round "-"]
[White "Charlie"]
[Black "Winslow"]
[Result "1-0"]
[WhiteElo "1849"]
[BlackElo "1740"]

1. e4 d6 2. Nf3 Nf6 3. Nc3 Nc6 4. Bc4 e6 5. O-O g6 6. a3 Bg7 7. d4 O-O 8. Bg5 h6
9. Bh4 Qe7 10. Re1 Bd7 11. d5 exd5 12. exd5 Ne5 13. Kh1 Bg4 14. Be2 Bxf3 15.
Bxf3 g5 16. Bg3 c6 17. dxc6 Qc7 18. cxb7 Rab8 19. Nb5 Qc5 20. Qxd6 Qxd6 21. Nxd6
Nfd7 22. Nb5 Nxf3 23. gxf3 Rxb7 24. Rad1 Bxb2 25. Nd6 Bc3 26. Nxb7 Bxe1 27. Rxe1
f5 28. f4 Nb6 29. Nd6 h5 30. fxg5 f4 31. Bh4 f3 32. g6 Kg7 33. Re6 Ra8 34. Nf5+
Kg8 35. Re7 Nd5 36. Rg7+ Kh8 37. Rh7+ Kg8 38. Nh6+ Kf8 39. g7+ 1-0

[Event "Let's Play Chess!"]
[Site "http://www.queenalice.com/game.php?id=1852452"]
[Date "2025.2.20"]
[Round "-"]
[White "Winslow"]
[Black "Charlie"]
[Result "1-0"]
[WhiteElo "1718"]
[BlackElo "1871"]

1. d4 Nf6 2. Bf4 d6 3. e3 Nd5 4. c3 Nxf4 5. exf4 c6 6. g3 Nd7 7. Nd2 d5 8. Bd3
e6 9. Ngf3 Be7 10. Ne5 Nxe5 11. fxe5 a6 12. O-O c5 13. Nf3 c4 14. Be2 O-O 15. h4
f6 16. Qd2 fxe5 17. Nxe5 Qb6 18. Rab1 Qc7 19. f4 b5 20. Bg4 Rb8 21. a3 Bf6 22.
Qe3 Re8 23. Bh3 Rb7 24. Rf2 Qd8 25. Bg4 Rc7 26. Rbf1 Rf8 27. h5 Bxe5 28. fxe5
Rxf2 29. Qxf2 Re7 30. Qh2 Bd7 31. h6 g6 32. Rf6 Qe8 33. Qh4 Rf7 34. Qg5 a5 35.
Rxg6+ Kh8 36. Rg7 Rf8 37. Rxh7+ 1-0

[Event "Escacs 163"]
[Site "http://www.queenalice.com/game.php?id=1852582"]
[Date "2025.2.22"]
[Round "-"]
[White "alterego"]
[Black "Winslow"]
[Result "1-0"]
[WhiteElo "1581"]
[BlackElo "1730"]

1. d4 d6 2. c4 Nf6 3. g3 g6 4. Bg2 Bg7 5. Nf3 Nc6 6. O-O Bf5 7. Nc3 O-O 8. Nh4
e6 9. Nxf5 exf5 10. d5 Ne5 11. Nb5 Nxc4 12. b3 c6 13. Nd4 Nxd5 14. bxc4 Nc3 15.
Qd3 Ne4 16. f3 c5 17. Nb3 Bxa1 18. fxe4 Bd4+ 19. Nxd4 cxd4 20. exf5 Qb6 21. e3
dxe3 22. Bxe3 Qd8 23. Bxb7 Rb8 24. Bd5 Qa5 25. fxg6 Kh8 26. gxf7 Qc5 27. Bxc5
dxc5 28. Qc3# 1-0

[Event "Escacs 166"]
[Site "http://www.queenalice.com/game.php?id=1852585"]
[Date "2025.2.22"]
[Round "-"]
[White "Winslow"]
[Black "alterego"]
[Result "1/2-1/2"]
[WhiteElo "1677"]
[BlackElo "1571"]

1. d4 g6 2. Bf4 d6 3. c3 Bg7 4. Nd2 Nf6 5. Ngf3 Nc6 6. e3 b6 7. Bb5 Bb7 8. O-O
O-O 9. a4 Na5 10. b4 Nc6 11. h3 Nd5 12. Qb3 Nxf4 13. exf4 e5 14. fxe5 dxe5 15.
Nc4 exd4 16. cxd4 Nxd4 17. Nxd4 Bxd4 18. Rad1 Qh4 19. Ne3 Rad8 20. Ng4 a6 21.
Be2 Bd5 22. Bc4 Bxc4 23. Qxc4 c5 24. bxc5 bxc5 25. Qxa6 Rde8 26. Qb7 Bc3 27. Qf3
f5 28. Qxc3 fxg4 29. hxg4 Qxg4 30. Qxc5 Kg7 31. Qc7+ Rf7 32. Qc6 Re6 33. Rd6
Rff6 34. Qd7+ Kh6 35. a5 g5 36. a6 Qe4 37. Rfd1 Kg6 38. Qd8 Rxd6 39. Rxd6 Qf4
40. Rxf6+ Qxf6 41. Qd3+ Kh6 42. Qh3+ Kg6 43. Qd3+ Kg7 44. a7 Qa1+ 45. Kh2 Qxa7
46. f3 h5 47. Qd6 h4 48. Qe6 Qb8+ 49. Kh1 Qg3 50. Qh3 Qe1+ 51. Kh2 1/2-1/2

[Event "Let's Play Chess!"]
[Site "http://www.queenalice.com/game.php?id=1852883"]
[Date "2025.3.1"]
[Round "-"]
[White "Winslow"]
[Black "Scar"]
[Result "0-1"]
[WhiteElo "1708"]
[BlackElo "1764"]

1. d4 d5 2. Nf3 Nc6 3. c3 Bd7 4. Bf4 f6 5. e3 e6 6. Nbd2 g5 7. Bg3 Bg7 8. Bd3 a6
9. O-O Nge7 10. Qc2 h6 11. Bg6+ Nxg6 12. Qxg6+ Kf8 13. Qd3 Qe7 14. Rfe1 e5 15.
e4 Be6 16. Rad1 f5 17. exf5 e4 18. Nxe4 dxe4 19. Qxe4 Bf7 20. Qxe7+ Nxe7 21. Be5
Nxf5 22. a3 c6 23. Bxg7+ Kxg7 24. Ne5 Rhe8 25. c4 Rad8 26. c5 Rxd4 27. Rxd4 Nxd4
28. h3 Bd5 29. Kf1 Nb3 30. Nf3 Rxe1+ 31. Nxe1 Nxc5 32. b4 Ne6 33. g3 h5 34. h4
b5 35. Kg1 g4 36. Nd3 Bc4 37. Ne5 Bd5 38. Kf1 Nd4 39. Ke1 Nc2+ 40. Ke2 Nxa3 0-1

[Event "Let's Play Chess!"]
[Site "http://www.queenalice.com/game.php?id=1853078"]
[Date "2025.3.2"]
[Round "-"]
[White "Winslow"]
[Black "igor12345"]
[Result "0-1"]
[WhiteElo "1660"]
[BlackElo "2102"]

1. d4 d5 2. c3 h6 3. Nf3 Nf6 4. Bf4 Nc6 5. e3 Bg4 6. Be2 e6 7. h3 Bf5 8. O-O a6
9. Nbd2 Bd6 10. a3 O-O 11. b4 b5 12. Nh4 Bh7 13. Bf3 Bxf4 14. exf4 Ne8 15. Qe2
Qxh4 16. Bg4 Nd8 17. Nf3 Qf6 18. g3 Nd6 19. Ne5 Qe7 20. Bh5 Ne4 21. Qe3 Nf6 22.
Bf3 c6 23. h4 Qd6 24. g4 Ne4 25. Bxe4 Bxe4 26. f3 Bh7 27. h5 f6 28. Nd3 Nb7 29.
g5 fxg5 30. fxg5 Bxd3 31. Qe5 Qxe5 32. dxe5 Bxf1 33. Rxf1 hxg5 0-1

[Event "Let's Play Chess!"]
[Site "http://www.queenalice.com/game.php?id=1853089"]
[Date "2025.3.2"]
[Round "-"]
[White "igor12345"]
[Black "Winslow"]
[Result "1-0"]
[WhiteElo "2006"]
[BlackElo "1657"]

1. e4 d6 2. d4 g6 3. h3 Bg7 4. Nf3 Nf6 5. Bd3 O-O 6. O-O h6 7. Be3 c5 8. Nc3
Nbd7 9. Qd2 Kh7 10. Rad1 b6 11. Ne2 e5 12. d5 Bb7 13. c4 Rh8 14. Ne1 Kg8 15. f4
a6 16. f5 g5 17. a4 a5 18. Ng3 Ba6 19. b3 Bb7 20. Nc2 h5 21. Bxg5 Rh7 22. Na3
Qf8 23. Nb5 Qb8 24. Rf3 h4 25. Nh1 Nh5 26. Bxh4 Nf4 27. Be7 Bh6 28. Qe1 f6 29.
Bxd6 Qc8 30. Rg3+ Rg7 31. Rxg7+ Bxg7 32. Nf2 Qd8 33. Ng4 Nf8 34. Qg3 Nh7 35. Bc7
Qd7 36. Bxb6 Nxd3 37. Rxd3 Rc8 38. Bxa5 Kh8 39. Qe3 Bf8 40. h4 Bg7 41. d6 Rc6
42. Bc7 Bf8 43. a5 Ba6 44. Qd2 Bxb5 45. cxb5 Rxc7 46. dxc7 Qxc7 47. b6 1-0

[Event "Let's Play Chess!"]
[Site "http://www.queenalice.com/game.php?id=1854052"]
[Date "2025.3.20"]
[Round "-"]
[White "Winslow"]
[Black "igor12345"]
[Result "0-1"]
[WhiteElo "1658"]
[BlackElo "1927"]

1. d4 d5 2. Bf4 Nf6 3. e3 Bg4 4. Be2 Bf5 5. Nd2 e6 6. c3 Bd6 7. Bxd6 cxd6 8.
Ngf3 Ne4 9. O-O O-O 10. Bd3 Nc6 11. Bxe4 Bxe4 12. Qb3 Qd7 13. Rfc1 Rfc8 14. Nf1
a6 15. Ng5 Bg6 16. a3 Na5 17. Qb6 Nc4 18. Qb3 a5 19. Qc2 b5 20. Qe2 a4 21. f4 f6
22. Nf3 e5 23. dxe5 dxe5 24. fxe5 fxe5 25. Nh4 Bf7 26. Rd1 Qe8 27. Nf5 Bh5 28.
Ne7+ Kh8 29. g4 Qxe7 30. gxh5 Qf7 31. Ng3 Rf8 32. Rf1 Qa7 33. Rad1 Qxe3+ 34. Rf2
Rxf2 35. Qxf2 Qxf2+ 36. Kxf2 Rd8 37. Re1 e4 38. Nxe4 dxe4 39. Rxe4 Nxb2 40. Re7
h6 41. Kf3 Nc4 42. Ke4 Nxa3 0-1

[Event "Let's Play Chess!"]
[Site "http://www.queenalice.com/game.php?id=1854346"]
[Date "2025.3.22"]
[Round "-"]
[White "Charles56"]
[Black "Winslow"]
[Result "1-0"]
[WhiteElo "1899"]
[BlackElo "1674"]

1. e4 d6 2. d4 g6 3. Bb5+ Bd7 4. Bxd7+ Qxd7 5. d5 Nf6 6. Nc3 Bg7 7. Nh3 c6 8.
dxc6 Nxc6 9. Bf4 e5 10. Bg3 Nd4 11. O-O Rc8 12. f3 Nh5 13. Bf2 f5 14. exf5 gxf5
15. Re1 f4 16. g4 Nf6 17. Bxd4 O-O 18. Bxa7 Ra8 19. Bc5 Ne8 20. Ba3 Qe7 21. g5
Qe6 22. Nf2 Qc4 23. Nfe4 Qe6 24. Kg2 Rf5 25. h4 Ra6 26. Qd5 Qxd5 27. Nxd5 b5 28.
Ne7+ Kh8 29. h5 Rf7 30. Nd5 Nc7 31. Nxc7 Rxc7 32. Bxd6 Rxc2+ 33. Kg1 Rac6 34. h6
Bxh6 35. gxh6 Rxb2 36. Bxe5+ Kg8 37. Nf6+ Rxf6 38. Bxf6 Rc2 39. Re4 Rc4 40. Rxc4
1-0

[Event "Let's Play Chess!"]
[Site "http://www.queenalice.com/game.php?id=1854347"]
[Date "2025.3.22"]
[Round "-"]
[White "Winslow"]
[Black "Charles56"]
[Result "0-1"]
[WhiteElo "1657"]
[BlackElo "1892"]

1. d4 d5 2. Bf4 Bg4 3. Nf3 h6 4. e3 e6 5. Nbd2 Bd6 6. Bxd6 Qxd6 7. Be2 Ne7 8.
Ne5 Bxe2 9. Qxe2 f6 10. Qb5+ Nec6 11. Qxb7 fxe5 12. Qxa8 O-O 13. Qb7 exd4 14.
exd4 Nxd4 15. O-O-O Qc5 16. c3 Ne2+ 17. Kb1 Nd7 18. f3 Rb8 19. Qa6 Nxc3+ 20. Ka1
Nxd1 21. Rxd1 Qc2 22. Rb1 Qxd2 23. Qxe6+ Kh8 24. Qxd7 Qa5 25. a4 a6 26. Qc6 d4
27. Qd7 c5 28. Rd1 Rb4 29. Qd5 Rxa4+ 30. Kb1 Ra1+ 31. Kc2 Qa4+ 0-1

[Event "Let's Play Chess!"]
[Site "http://www.queenalice.com/game.php?id=1854406"]
[Date "2025.3.24"]
[Round "-"]
[White "Winslow"]
[Black "alterego"]
[Result "1-0"]
[WhiteElo "1647"]
[BlackElo "1505"]

1. d4 g6 2. Bf4 c6 3. c3 Bg7 4. Nf3 Nf6 5. e3 a6 6. Nbd2 b5 7. Bd3 d5 8. Ne5 O-O
9. O-O Nfd7 10. Ndf3 Nf6 11. Ng5 Nh5 12. Nexf7 Qe8 13. Qe2 Nxf4 14. exf4 Nd7 15.
f5 Bf6 16. fxg6 hxg6 17. Bxg6 Bxg5 18. Qh5 Nf6 19. Qh8# 1-0

[Event "Let's Play Chess!"]
[Site "http://www.queenalice.com/game.php?id=1854678"]
[Date "2025.3.28"]
[Round "-"]
[White "Olavio"]
[Black "Winslow"]
[Result "1-0"]
[WhiteElo "2012"]
[BlackElo "1642"]

1. e4 d6 2. Bc4 g6 3. d4 Nc6 4. Nf3 Nf6 5. Nc3 e6 6. O-O Bg7 7. Bg5 h6 8. Bxf6
Bxf6 9. Re1 a6 10. d5 Ne7 11. dxe6 Bxe6 12. Nd5 Be5 13. Nxe5 Nxd5 14. exd5 dxe5
15. dxe6 fxe6 16. Rxe5 Qf6 17. Rxe6+ Qxe6 18. Bxe6 Rd8 19. Qf3 Rf8 20. Qxb7 Rf6
21. Re1 Rxe6 22. Rxe6+ Kd7 23. Rxg6 1-0

[Event "AUTO-INT-3925"]
[Site "http://www.queenalice.com/game.php?id=1855012"]
[Date "2025.4.5"]
[Round "1"]
[White "Winslow"]
[Black "jenyasm"]
[Result "0-1"]
[WhiteElo "1667"]
[BlackElo "1660"]

1. d4 d5 2. Bf4 h6 3. e3 e6 4. c3 Nf6 5. Bd3 a6 6. Nd2 b5 7. Ngf3 Nc6 8. Ne5
Nxe5 9. Bxe5 Nd7 10. Nf3 f6 11. Bg6+ Ke7 12. Qb3 fxe5 13. Qb4+ Kf6 14. dxe5+
Kxg6 15. Nh4+ Kh7 16. Qg4 Nxe5 17. Qh5 Qg5 18. Qxg5 hxg5 19. Nf3 Nxf3+ 20. gxf3
Be7 21. O-O-O Rf8 22. Rd2 Rxf3 23. h3 c6 24. a3 e5 25. Kd1 Bxh3 26. Ke2 e4 27.
Rdd1 Kg6 28. Rdg1 Bd7 29. Rg2 Rff8 30. Rf1 Bh3 0-1